|
|
|
|
| LEADER |
00000nam a2200000 a 4500 |
| 001 |
vtls001222149 |
| 003 |
SK-MaSNL |
| 005 |
20260301154548.0 |
| 008 |
251029s1996 xo a r y slo |
| 015 |
|
|
|a SNBA1997/0100220
|
| 020 |
|
|
|a 808874315X
|
| 035 |
|
|
|a SNK000167579
|
| 035 |
|
|
|a urn:nbn:sk:snk-amk59i
|
| 035 |
|
|
|a urn:nbn:sk:snk-am004zxr
|
| 035 |
|
|
|a DAC2E213-2C48-4B0C-AD56-216C0EBE7CCE
|
| 040 |
|
|
|a SNK
|b slo
|c SNK
|e AACR2
|
| 041 |
0 |
|
|a slo
|
| 044 |
|
|
|a xo
|c SK
|
| 080 |
|
|
|a 141.4
|2 1981
|
| 080 |
|
|
|a 165
|2 1981
|
| 080 |
|
|
|a 929 Letz, Ján
|2 1981
|
| 100 |
1 |
|
|a Letz, Ján,
|d 1936-2021
|4 aut
|9 217669
|
| 245 |
1 |
0 |
|a Život v hľadaní pravdy
|b vývin osobnosti a myslenia
|c Ján Letz
|
| 260 |
|
|
|a Bratislava
|b Charis
|c 1996
|
| 300 |
|
|
|a 225 s.
|c 23 cm
|
| 490 |
1 |
|
|a Filozofická sekcia ÚSKI a SKA
|v zv. 5
|
| 504 |
|
|
|a Bibliogr. s. 183-218. Men. reg.
|
| 600 |
1 |
|
|a Letz, Ján,
|d 1936-2021
|2 SNK
|9 217669
|
| 650 |
0 |
7 |
|a filozofia kresťanská
|z Slovensko
|x osobnosti
|2 SNK
|9 517635
|
| 655 |
|
7 |
|a príručky
|2 SNK
|9 74364
|
| 830 |
|
0 |
|a Filozofická sekcia ÚSKI a SKA
|9 513683
|
| 919 |
|
|
|a 80-88743-15-X
|
| 958 |
|
|
|a TL
|
| 958 |
|
|
|a NB
|
| 958 |
|
|
|a BX
|
| 999 |
|
|
|c 797271
|d 799201
|
| 952 |
|
|
|t P60, <09>, [BOOK], {629}
|a SNK
|b SNK
|y NEVYP
|7 0
|o snkC 2014
|i snk3731/961029
|0 0
|1 0
|4 0
|d 1996-10-25
|l 0
|r 2005-01-01 00:00:00
|w 2026-02-24
|
| 952 |
|
|
|t P60, <03>, [BOOK], {603}
|a SNK
|b SNK
|y PREZ
|7 0
|p 17A0014103
|o snkSC 91609
|i snkKSP 9271/96
|0 0
|1 0
|4 0
|d 1996-10-25
|f 1
|l 0
|r 2025-09-10 00:00:00
|w 2026-02-24
|
| 952 |
|
|
|t P60, <04>, [BOOK], {604}
|a SNK
|b SNK
|y VYP
|7 0
|p 17A0014102
|o snkSC 91609 D1
|i snkKSP 9272/96
|0 0
|1 0
|4 0
|d 1996-10-25
|l 0
|r 2005-01-01 00:00:00
|w 2026-02-24
|